MDQL
is popping MORE tags! Check the
thread
!
Quizzes
Events
Quiz Creation
Community
Videos
Private Events
Remove Ads
Sign In
Join for FREE
Feedback
Dark Mode
Quiz Categories
Sports
Geography
Music
Movies
Television
Just For Fun
Miscellaneous
History
Literature
Language
Science
Gaming
Entertainment
Religion
Holiday
For Kids
Quiz Lab
Recent
Popular Today
Quiz Kudos Today
Editor Picks
Curator Picks
Quizzes by...
Day
Popularity
Type
Ratings
Length
Year
Community
Subscriptions
Recent Discussions
Orange Saloon
Badges
Playlists
Quests
Create
Leaderboards
Showdown
Live 5
Trivia Bingo
Activity
Puzzle Library
Sporcle Events
Private Events
Virtual Trivia
Globe League
Become a Host
Pub Owners
SporcleCon
Opinionation
Our Games
Videos
Blog
Mobile Apps
Partnerships
Remove Ads and Go Orange
Feedback
Sports
Athletes
MLB
NBA
NHL
NFL
Soccer
Sports Teams
WWE
NCAA
Football
Premier League
Basketball
Baseball
Hockey
Golf
Tennis
Cricket
Rugby
Auto Racing
Olympics
World Cup
Sports
Athletes
MLB
NBA
NHL
NFL
Soccer
Sports Teams
WWE
NCAA
Football
Premier League
Basketball
Baseball
Hockey
Golf
Tennis
Cricket
Rugby
Auto Racing
Olympics
World Cup
Random Quiz
Search Sporcle
×
Quiz Lab
Quiz Lab
Sports
Soccer
Type in answers that appear in a list
Type in answers that appear in a list
Classic
Best Score? Go Orange.
Italy Football Nationalities Stats
Can you name the Countries (and Territories) Where These Italian Footballers Have Their Roots?
By
lrsnb12
2m
20 Questions
898 Plays
898 Plays
898 Plays
Comments
Comments
Give Quiz Kudos
Give Quiz Kudos
-
- Ratings
hide this ad
More Info
Forced Order
Answers have to be entered in order
Answers have to be entered in order
Replay
Link that replays current quiz
Next Quiz
Link to next quiz in quiz playlist
You Got
0%
They Got
Avg Score
51%
Avg Friend Score
Upgrade to see
Score Distribution
Jump to the score distribution portion of the page
Score
0/20
Timer
02:00
0
Plays Today
Name of Player
Name of Country or Territory
% Correct
Mauro Camoranesi (retired)
Argentina
91.5%
Amauri
Brazil
89%
Eder
Brazil
88.3%
Thiago Motta
Brazil
84.9%
Mario Balotelli
Ghana
82.9%
Stephan El Shaarawy
Egypt
79%
Cristian Ledesma
Argentina
75.5%
Giuseppe Rossi
USA
75.4%
Pablo Osvaldo
Argentina
66.3%
Ezequiel Schelotto*
Argentina
59.9%
Name of Player
Name of Country or Territory
% Correct
Nicolao Dumitru*
Brazil (and Romania) (via Sweden)
55.5%
Angelo Ogbonna
Nigeria
55%
Stefano Okaka*
Nigeria
48.7%
Hachim Mastour*
Morocco
45.4%
Riccardo Montolivo
Germany
40.6%
Rodrigo Possebon*
Brazil
32.2%
Robert Acquafresca* (Youth and Olympic Only)
Poland
21.6%
Roberto Soriano*
Germany
20.3%
Andrea Cossu
Romania
19.7%
Diego De Girolamo*
England
4.9%
Quiz Playlist
Details
Report
Send in Message
Add To Playlist
More Info:
* indicates player has not yet been capped at the international level Check out my other quizzes!
Classic:
Type in answers that appear in a list
Forced Order:
Answers have to be entered in order
Quiz Source
Last Updated: Feb 16, 2017
Quiz Scoreboard
CHALLENGE
Sign Up to Join the Scoreboard
Show All
Scores
Hide
Comments
May contain spoilers
Recently Published
1-10 Letter E Words III
by El_Dandy
Language
2m
Street Fighter Characters
by Artimus82
Gaming
60s
College Basketball Coaching Resumes
by pancakes188
Sports
9m
More to Explore
Quiz From the Vault
Featured Blog Post
Where Did the Easter Bunny Come From?
hide this ad
You Might Also Like...
Tags
Soccer Quiz
Footballer
foreign
International
Italy
Today's Top Quizzes in Sports
Browse Sports
hide this ad
Today's Top Quizzes in Soccer
Browse Soccer
Top Contributed Quizzes in Sports
1
2022 World Cup Stars
2
Les meilleurs buteurs des matchs entre le PSG et l’OM
3
FIFA Club World Cup Champions
4
Les entraîneurs de l'OM et du PSG au 21e siècle
5
Criteria MLB: Left Handed Sluggers
6
2023 MLB Unique Player Accomplishments
7
AFC Teams Reveal (Wrong Answers Minefield)
8
Players with Multiple 50 Home Run Seasons
9
5-to-1: FBS Animal Nicknames
10
5-to-1: UK Sports Teams
Explore More
Trending Topics
Anime
Kpop
Disney
NBA
Crossword
Marvel
Harry Potter
WWE
Song
Country
The Office
Puzzle
Pokémon
Soccer
NFL
hide this ad
More By:
lrsnb12
Quiz
Plays
Rating
Category
Featured
Created
Dutch Footballers On AC Milan
4,139
4.67
Sports
Jan 27, 2011
Dutch Footballers on Barcelona
1,474
5.00
Sports
Dec 24, 2010
Italy Football Nationalities
898
3.25
Sports
Dec 23, 2010
Places they're taking the hobbits
481
4.33
Movies
Jan 22, 2012
Bands by First Track on First Album
413
4.53
Music
Sep 4, 2011
Go to Creator's Profile
Score Distribution
Quiz Creator Spotlight
lrsnb12
Follow
Send a Message
Quizzes Created
-
Created Quiz Play Count
-
More By This Creator
Popular Quizzes Today
1
Find the US States - No Outlines Minefield
2
Find the Countries of Europe - No Outlines Minefield
3
The Countries of the World
4
Find the US States
5
Risky Map Clicking: Biggest States A-Z
6
US States
7
Popular People in 1961
8
Movies - When Are They Set?
More Sports Quizzes
Last Ten World Series Losers
Published
Trending Quizzes
Risky Map Clicking: Least Populous States A-Z
Billboard Blitz: Aretha Franklin
Famous Russians: Author or Composer?
Countries of the World: 200 Million BC
1-10 Letter G Words
Recently Updated
Leaping Animals
pecheneg
Reality TV Shows (A-Z)
bhenderson79
Rickey Henderson's Hall of Fame Teammates
pecheneg
Champions League XIs: Arsenal
pecheneg
Quick Pick: Celebrities in WWE's Hall of Fame
aduchscher
A-Z Keypad Blitz II
pecheneg
Multiple Oscar Actors
pecheneg
Mystery Phrase Blitz: Oscar 'Best Actors'
pecheneg
F. Scott Fitzgerald Novels
LTH
Pick 3 Villains
ddd62291
Trending Topics
Harry Potter
NBA
Anime
Kpop
Marvel
Crossword
Disney
Puzzle
WWE
Pokémon
The Office
Song
Soccer
Country
NFL
Your Account Isn't Verified!
In order to create a playlist on Sporcle, you need to verify the email address you used during registration. Go to your
Sporcle Settings
to finish the process.
Report this User
Report this user for behavior that violates our
Community Guidelines
.
Details:
Send Report
Go to the Sporcle.com Mobile Site →
Comments